000 nam a22 a 4500
999 _c3848
_d3848
005 20170524094300.0
008 170524b1986 mau||||| |||| 00| 0 eng d
040 _aAKMAL
082 _a808.4 CAL
090 _a808.4
_bCAL
100 _aCalderonello, Alice Heim.
_97603
245 _aRoughdrafts
_bthe process of writing /
_cAlice Heim Calderonello, Bruce L. Edwards, Jr
260 _aBoston
_bHoughton Mifflin
_cc1986.
300 _axiv, 546 p
_c24cm
500 _aIncludes index.
650 _aEnglish language
_xRhetoric.
_91467
650 _aEnglish language
_xGrammar
_94827
650 _aReport writing.
_94861
650 _aEditing.
_9971
700 _aEdwards, Bruce L.
_97604
942 _2ddc
_cBOOK